Lunasterové. Běh po Spálené cestě /
Závěrečný díl z fantasy série odehrávající se v mystickém světě Lunasterů, vzdáleně podobném našemu.
Uloženo v:
| Série: | Lunasterové,
část 4 |
|---|---|
| Hlavní autor: | |
| Další autoři: | |
| Médium: | E-kniha |
| Jazyk: | Czech |
| Vydáno: |
V Praze :
Fragment,
2023
|
| Vydání: | 1. vydání |
| Témata: | |
| Příbuzné jednotky: | Přeloženo z:
Lunastry Z cyklu:: Lunasterové |
| Tagy: |
Žádné tagy |
| LEADER | 02793nam a2200541 i 4500 | ||
|---|---|---|---|
| 001 | 312077 | ||
| 003 | CZ PrSKC | ||
| 005 | 20260601215716.0 | ||
| 007 | ta | ||
| 008 | 230831s2023 xr a c 000 f cze | ||
| 015 | |a cnb003545575 | ||
| 020 | |a 9788025363829 |q (vázáno) : |c Kč 449,00 | ||
| 035 | |a (OCoLC)1402155925 | ||
| 040 | |a ABG001 |b cze |e rda | ||
| 041 | 1 | |a cze |h rus | |
| 072 | 7 | |a 821.161.1 |x Ruská literatura, rusky psaná |2 Konspekt | |
| 072 | 7 | |a 821-93 |x Literatura pro děti a mládež (beletrie) |2 Konspekt | |
| 080 | |a 821.161.1-31 |2 MRF | ||
| 080 | |a 821-93 |2 MRF | ||
| 080 | |a (0:82-312.9) |2 MRF | ||
| 100 | 1 | |a Ščerba, Natal‘ja Vasil‘jevna, |d 1981- |7 hka2016931562 |4 aut | |
| 240 | 1 | 0 | |a Tanec belych karlikov. |l Česky |
| 245 | 1 | 0 | |a Lunasterové. |p Běh po Spálené cestě / |c Natalja Ščerba ; z ruského originálu Lunastry 4 - Tanec belych karlikov ... přeložila Martina Pálušová |
| 246 | 3 | 0 | |a Běh po Spálené cestě |
| 250 | |a 1. vydání | ||
| 264 | 1 | |a V Praze : |b Fragment, |c 2023 | |
| 300 | |a 350 stran : |b ilustrace ; |c 23 cm | ||
| 336 | |a text |b txt |2 rdacontent | ||
| 337 | |a bez média |b n |2 rdamedia | ||
| 338 | |a svazek |b nc |2 rdacarrier | ||
| 500 | |a Na hřbetu označení svazku: 4 | ||
| 520 | 2 | |a Závěrečný díl z fantasy série odehrávající se v mystickém světě Lunasterů, vzdáleně podobném našemu. |b Do Času zatmění zbývá jen pár dnů. Asterové a Lunojasní s napětím vyčkávají, která cesta protne nebe: hvězdná, nebo měsíční? Na naše hrdiny čekají těžké výzvy. Tim musí odhalit První tajemství a rozluštit záhadu Černé duhy. Alex by se měl rozhodnout, na čí straně vlastně stojí. A Celestina se snad konečně dozví, jaké je její skutečné poslání. Nakladatelská anotace. Kráceno. | |
| 521 | 8 | |a Pro čtenáře od 12 let | |
| 655 | 7 | |a rusky psané romány |7 fd227906 |2 czenas | |
| 655 | 7 | |a fantasy romány |7 fd184199 |2 czenas | |
| 655 | 7 | |a publikace pro děti |7 fd133156 |2 czenas | |
| 655 | 9 | |a fiction in Russian |2 eczenas | |
| 655 | 9 | |a fantasy novels |2 eczenas | |
| 655 | 9 | |a children's literature |2 eczenas | |
| 700 | 1 | |a Pálušová, Martina, |d 1982- |7 js20080118009 |4 trl | |
| 765 | 0 | |t Lunastry | |
| 787 | 0 | 8 | |i Z cyklu: |t Lunasterové |g 4 |
| 900 | |a ABA001 |b 20 | ||
| 928 | 9 | |a Albatros Media - Fragment | |
| 044 | |a xr | ||
| 910 | |a RBIT002 | ||
| 998 | |d 386088 |a https://core.palmknihy.cz/api/books/386088/cover?si90st |b https://core.palmknihy.cz/api/books/386088/cover/400?si90st |c https://core.palmknihy.cz/api/books/386088/cover/50?si90st |e 2027-03-31 |g 352 |i 9788025363829 |j https://core.palmknihy.cz/api/books/386088/preview.epub |k https://core.palmknihy.cz/api/books/386088/preview.pdf |l |q 49 |r 1 |s https://www.palmknihy.cz/kniha/386088 |t ebook |y 2023 |z 0 |v Lunasterové |w 4 | ||
| 999 | |d 312075 | ||